00283nam a2200121Ia 4500008004100000041000900041082001500050100001900065245002800084260003200112300000900144650000800153230718s9999 xx 000 0 und d aEng. a340bCHA-E aChaudhary, G.M 0aEssays on law & Justice aPakistanbFederal lawc2009 a1276 aLaw